Statistics for Irish animals

Click here to take the quiz!

General Stats

  • This quiz has been taken 16 times
  • The average score is 11 of 24

Answer Stats

HintAnswer% Correct
cow
88%
bearbéar
75%
horseCapall
75%
fishIasc
75%
rabbitcoinín
63%
birdÉan
63%
deerFia
63%
ducklacha
63%
mouseLuch
63%
foxsionnach
63%
AnimalAinmhí
50%
donkeyasal
50%
spiderdamhán alla
50%
pigmuc
50%
tigertíogar
50%
owlulchabhán
50%
sheepcaora
38%
hound
38%
lionleon
38%
salmonbradán
13%
wolffaol
13%
goose
13%
stagcarria
0%
snakenathair
0%

Score Distribution

Percentile by Number Answered

Percent of People with Each Score

Your Score History

You have not taken this quiz